00434nam a2200157Ia 4500008004100000020001700041082001400058100002300072245002200095250000800117260003300125300002800158500001900186600002100205650005000226240925s9999 xx 000 0 und d a978012374137 a004.6 PET aPeterson ,Larry L. 0aComputer Networks a4th aAmsterdam:bElsevierc,2007. aix,352p.bN.AfOriginal aIncludes Index aComputer Science aComputer science, information & general works